[Event "BL 1213 Schachfr. Berlin - SV Wattensch"]
[Site "?"]
[Date "2012.10.20"]
[Round "1.7"]
[White "Holzke, Frank Dr"]
[Black "Polzin, Rainer"]
[Result "1-0"]
[WhiteElo "2521"]
[BlackElo "2465"]
[PlyCount "97"]
[EventDate "2012.??.??"]

1. e4 c5 2. Nf3 d6 3. d4 cxd4 4. Nxd4 Nf6 5. Nc3 g6 6. Be3 Bg7 7. f3 O-O 8. Qd2
Nc6 9. O-O-O d5 10. Kb1 Nxd4 11. e5 Nf5 12. exf6 Bxf6 13. Nxd5 Qxd5 14. Qxd5
Nxe3 15. Qd3 Nxd1 16. Qxd1 Be6 17. Bb5 a6 18. Ba4 Rfd8 19. Qe2 Rd4 20. Bb3 Bxb3
21. axb3 Rad8 22. g4 R8d5 23. h4 Rd2 24. Qc4 Kg7 25. g5 Be5 26. Qb4 Rd7 27. Qe4
R7d5 28. Qb4 Rd7 29. Re1 R2d4 30. Qb6 Bg3 31. Rxe7 R4d6 32. Qe3 Rxe7 33. Qxe7
b6 34. b4 Re6 35. Qd7 Rd6 36. Qg4 Rd1+ 37. Ka2 Bd6 38. h5 gxh5 39. Qxh5 Kg8 40.
c3 Bf8 41. f4 Rd6 42. f5 b5 43. Kb3 Rc6 44. Qf3 Rd6 45. Kc2 Rb6 46. b3 Kg7 47.
Qa8 Kg8 48. f6 Rd6 49. c4 1-0

[Event "BL 1213 Schachfr. Berlin - SV Wattensch"]
[Site "?"]
[Date "2012.10.20"]
[Round "1.8"]
[White "Thiede, Lars"]
[Black "Dinstuhl, Volkmar Dr"]
[Result "1-0"]
[WhiteElo "2441"]
[BlackElo "2409"]
[PlyCount "71"]
[EventDate "2012.??.??"]

1. b3 e5 2. Bb2 d6 3. c4 c5 4. g3 g6 5. Bg2 Bg7 6. e3 Ne7 7. Ne2 Nbc6 8. Nbc3
Be6 9. O-O O-O 10. d4 exd4 11. exd4 Bf5 12. Qd2 Qa5 13. Rad1 Rad8 14. Ba1 a6
15. Nd5 Qxd2 16. Rxd2 b5 17. Ne3 Rc8 18. cxb5 axb5 19. g4 cxd4 20. Nxd4 Nxd4
21. Bxd4 Be6 22. Bxg7 Kxg7 23. Rxd6 Rfd8 24. Rfd1 Rxd6 25. Rxd6 Rc1+ 26. Bf1
Ra1 27. Rd2 Nc6 28. Kg2 b4 29. Bc4 Kf6 30. f4 Re1 31. Kf2 Rc1 32. Rd6 Na5 33.
Bxe6 fxe6 34. Nd5+ Kf7 35. Nxb4 Rc7 36. Ra6 1-0

[Event "BL 1213 SV Griesheim - Werder Bremen"]
[Site "?"]
[Date "2012.10.20"]
[Round "1.1"]
[White "Efimenko, Zahar"]
[Black "Piorun, Kacper"]
[Result "1/2-1/2"]
[WhiteElo "2689"]
[BlackElo "2520"]
[PlyCount "78"]
[EventDate "2012.??.??"]

1. e4 e6 2. d4 d5 3. Nd2 Nc6 4. Ngf3 Nf6 5. e5 Nd7 6. c4 dxc4 7. Nxc4 Nb6 8.
Bd3 Nb4 9. Be2 Nxc4 10. Bxc4 Be7 11. O-O Bd7 12. Bd2 Bc6 13. Bxb4 Bxb4 14. Qb3
a5 15. a3 Be7 16. Bb5 O-O 17. Bxc6 bxc6 18. Qc4 Qd7 19. Rfc1 Rfb8 20. b3 Rb6
21. g3 Rab8 22. Rc3 Rb5 23. a4 Rb4 24. Qxc6 Qxc6 25. Rxc6 Rxb3 26. Kg2 Kf8 27.
Rxc7 Bd8 28. Rc5 Rb2 29. Rac1 Ke8 30. R5c4 Ra2 31. Ne1 Rb4 32. Rxb4 axb4 33.
Nd3 Rxa4 34. Nc5 Ra8 35. Rc4 Rb8 36. Na6 Ra8 37. Nc5 Rb8 38. Na6 Ra8 39. Nc5
Rb8 1/2-1/2

[Event "BL 1213 SV Griesheim - Werder Bremen"]
[Site "?"]
[Date "2012.10.20"]
[Round "1.2"]
[White "Farago, Ivan"]
[Black "Areshchenko, Alexander"]
[Result "1/2-1/2"]
[WhiteElo "2488"]
[BlackElo "2710"]
[PlyCount "49"]
[EventDate "2012.??.??"]

1. d4 Nf6 2. c4 g6 3. Nc3 d5 4. Bf4 Bg7 5. e3 c6 6. Nf3 O-O 7. Bd3 Be6 8. Qb3
Qb6 9. Ng5 Bf5 10. Bxf5 gxf5 11. cxd5 Qxb3 12. axb3 Nxd5 13. Nxd5 cxd5 14. Bxb8
Rfxb8 15. Kd2 Rc8 16. Rhc1 a6 17. Nf3 e6 18. Rxc8+ Rxc8 19. Rc1 Rxc1 20. Kxc1
Bf8 21. Ne5 Bd6 22. Nd3 Kf8 23. f4 a5 24. Kc2 Bb4 25. Nxb4 1/2-1/2

[Event "BL 1213 SV Griesheim - Werder Bremen"]
[Site "?"]
[Date "2012.10.20"]
[Round "1.3"]
[White "Nyback, Tomi"]
[Black "Murdzia, Piotr"]
[Result "1-0"]
[WhiteElo "2598"]
[BlackElo "2471"]
[PlyCount "127"]
[EventDate "2012.??.??"]

1. d4 d5 2. c4 c6 3. Nf3 Nf6 4. Qb3 e6 5. g3 Nbd7 6. Bg2 Be7 7. O-O O-O 8. Nc3
b6 9. cxd5 cxd5 10. Bf4 Bb7 11. Rac1 Nh5 12. Be5 f6 13. Bf4 Rc8 14. Bd2 f5 15.
Ne5 Nxe5 16. dxe5 Qd7 17. Nb5 Rc4 18. Nxa7 Ra8 19. Nb5 Bc6 20. Na3 Bxa3 21.
bxa3 b5 22. Bb4 g6 23. Rfd1 Rc8 24. Qe3 Ng7 25. Qg5 Ne8 26. Qh6 Qg7 27. Qxg7+
Kxg7 28. e3 Bd7 29. Ra1 Kf7 30. Bf1 Re4 31. Rac1 Rxc1 32. Rxc1 Rxe5 33. Rc5 Re4
34. Bd3 g5 35. Bxe4 fxe4 36. Bc3 h5 37. Be5 Kg6 38. h3 Kf5 39. Bb8 Kg6 40. Kf1
Kf7 41. Be5 Kg6 42. Ke2 Kf5 43. Bb8 Nf6 44. Bd6 Ne8 45. Be7 g4 46. hxg4+ hxg4
47. Bd8 Nd6 48. Rc7 Be8 49. Rg7 e5 50. Rg5+ Ke6 51. Ke1 d4 52. exd4 Nf7 53. Rg8
Bd7 54. Bb6 Kd5 55. Rg7 Be6 56. dxe5 Kxe5 57. Kd2 Nd6 58. Kc3 Kf5 59. Be3 Kf6
60. Bd4+ Kf5 61. Kb4 Bxa2 62. Bc5 e3 63. Bxe3 Bc4 64. Rg5+ 1-0

[Event "BL 1213 SV Griesheim - Werder Bremen"]
[Site "?"]
[Date "2012.10.20"]
[Round "1.4"]
[White "Izsak, Gyula"]
[Black "Hracek, Zbynek"]
[Result "0-1"]
[WhiteElo "2471"]
[BlackElo "2612"]
[PlyCount "144"]
[EventDate "2012.??.??"]

1. d4 Nf6 2. Nf3 e6 3. c4 Bb4+ 4. Bd2 a5 5. Qc2 O-O 6. Nc3 d6 7. e4 e5 8. Bd3
Nc6 9. d5 Ne7 10. O-O Ng6 11. Ne2 Bc5 12. Be3 Bxe3 13. fxe3 c6 14. Nc3 Qb6 15.
Rfe1 Bd7 16. dxc6 Bxc6 17. Qd2 Nf4 18. Rab1 Ne6 19. Bc2 Rfd8 20. b3 Nc5 21. Nd5
Bxd5 22. exd5 g6 23. Kh1 e4 24. Ng5 Re8 25. Rf1 Qd8 26. Qd4 Re5 27. Nh3 Ng4 28.
Nf2 Nxf2+ 29. Rxf2 Qe7 30. a3 Nd7 31. h3 h5 32. Kg1 h4 33. b4 axb4 34. axb4 b6
35. Ra1 Qd8 36. Rxa8 Qxa8 37. Bxe4 Qa3 38. Bd3 Qc1+ 39. Bf1 Qxe3 40. Qxe3 Rxe3
41. Ra2 Rb3 42. Ra7 Ne5 43. c5 bxc5 44. bxc5 dxc5 45. Re7 f6 46. d6 Rb8 47. d7
Kf8 48. Rh7 Rd8 49. Bb5 Nf7 50. Rxh4 Nd6 51. Bc6 Ke7 52. Rg4 Nf7 53. Re4+ Ne5
54. Ba4 Rb8 55. Re1 Rb4 56. Bc6 Kd8 57. Bd5 Kxd7 58. Rd1 Ke7 59. Kf2 Rb2+ 60.
Kf1 c4 61. Rc1 Rb5 62. Be4 f5 63. Bc2 Ra5 64. g4 fxg4 65. hxg4 Kf6 66. Ke2 Ra3
67. Kd2 Nf3+ 68. Kd1 Re3 69. Bb1 c3 70. Ba2 Nd4 71. Bc4 Kg5 72. Ra1 Rg3 0-1

[Event "BL 1213 SV Griesheim - Werder Bremen"]
[Site "?"]
[Date "2012.10.20"]
[Round "1.5"]
[White "Babula, Vlastimil"]
[Black "Krysztofiak, Marcin"]
[Result "1-0"]
[WhiteElo "2585"]
[BlackElo "2447"]
[PlyCount "66"]
[EventDate "2012.??.??"]

1. d4 Nf6 2. c4 e6 3. Nf3 b6 4. Nc3 Bb7 5. a3 d5 6. cxd5 Nxd5 7. Bd2 Nd7 8. Qc2
c5 9. Nxd5 exd5 10. g3 Be7 11. Bg2 O-O 12. O-O c4 13. Ne5 b5 14. Rfd1 a5 15. a4
b4 16. e4 Nb6 17. exd5 Bxd5 18. Nc6 Bxc6 19. Bxc6 Rc8 20. Qe4 Bd6 21. Be3 Qc7
22. d5 Nd7 23. Qxc4 Ne5 24. Qb5 Nxc6 25. dxc6 Qxc6 26. Qxa5 Ra8 27. Qd5 Qxd5
28. Rxd5 Be7 29. Bc5 Bxc5 30. Rxc5 Rfd8 31. Rb5 Rd4 32. b3 Kf8 33. Rc1 Rad8 1-0

[Event "BL 1213 SV Griesheim - Werder Bremen"]
[Site "?"]
[Date "2012.10.20"]
[Round "1.6"]
[White "Horvath, Peter"]
[Black "Fish, Gennadij"]
[Result "1/2-1/2"]
[WhiteElo "2434"]
[BlackElo "2475"]
[PlyCount "88"]
[EventDate "2012.??.??"]

1. d4 Nf6 2. c4 e6 3. Nc3 Bb4 4. Bg5 h6 5. Bh4 c5 6. d5 d6 7. e3 Bxc3+ 8. bxc3
Qe7 9. Nf3 Nbd7 10. Nd2 e5 11. Qc2 g5 12. Bg3 Nh5 13. Bd3 Ndf6 14. h3 Nxg3 15.
fxg3 Nh5 16. g4 Ng3 17. Rg1 h5 18. Kf2 e4 19. Bxe4 Qe5 20. gxh5 Bd7 21. Bd3 g4
22. hxg4 Bxg4 23. Nf3 Qxh5 24. Kxg3 Bxf3 25. Bf5 Rg8+ 26. Kf2 Bg4 27. Qe4+ Kf8
28. Bxg4 Qxg4 29. Qf4 Rg6 30. Qxg4 Rxg4 31. Rgb1 b6 32. a4 Rxc4 33. a5 Rb8 34.
axb6 axb6 35. Rb3 Ke7 36. Ra7+ Kf6 37. Ke2 b5 38. Rd7 Ke5 39. Rxf7 Kxd5 40.
Rf5+ Kc6 41. Kf3 Rh4 42. Rb1 Rc4 43. Rb3 Rh4 44. Rb1 Rc4 1/2-1/2

[Event "BL 1213 SV Griesheim - Werder Bremen"]
[Site "?"]
[Date "2012.10.20"]
[Round "1.7"]
[White "Bluebaum, Matthias"]
[Black "Grabarczyk, Miroslaw"]
[Result "1/2-1/2"]
[WhiteElo "2433"]
[BlackElo "2450"]
[PlyCount "55"]
[EventDate "2012.??.??"]

1. d4 d5 2. c4 e6 3. Nf3 Nf6 4. g3 Bb4+ 5. Bd2 Bxd2+ 6. Nbxd2 O-O 7. Bg2 c6 8.
O-O b6 9. Qc2 Ba6 10. Rac1 Nbd7 11. e4 Rc8 12. e5 Ne8 13. Rfe1 Nc7 14. cxd5
cxd5 15. Qa4 Nb8 16. Rc2 Na8 17. Rec1 Qd7 18. Qxd7 Nxd7 19. Ne1 Rxc2 20. Rxc2
Rc8 21. Rxc8+ Bxc8 22. f4 Nc7 23. Kf2 Nb8 24. Ke3 Nc6 25. Nc2 Ba6 26. Bf3 Ne7
27. Bg4 f5 28. Bf3 1/2-1/2

[Event "BL 1213 SV Griesheim - Werder Bremen"]
[Site "?"]
[Date "2012.10.20"]
[Round "1.8"]
[White "Janoszka, Arnd"]
[Black "Buchal, Stephan"]
[Result "1/2-1/2"]
[WhiteElo "2349"]
[BlackElo "2300"]
[PlyCount "40"]
[EventDate "2012.??.??"]

1. c4 g6 2. g3 Bg7 3. Bg2 d6 4. Nc3 e5 5. d3 Nc6 6. e3 Be6 7. Nge2 h5 8. Rb1 h4
9. b4 Qd7 10. b5 Nd8 11. e4 Bh3 12. Bxh3 Qxh3 13. Ng1 Qg2 14. Qf3 Qxf3 15. Nxf3
hxg3 16. fxg3 Ne6 17. Be3 Bh6 18. Bf2 Nf6 19. h3 Nd7 20. Ke2 O-O 1/2-1/2

[Event "BL 1213 Wiesbadener SV - Turm Emsdetten"]
[Site "?"]
[Date "2012.10.20"]
[Round "1.1"]
[White "Mchedlishvili, Mikheil"]
[Black "Alekseev, Evgeny"]
[Result "1/2-1/2"]
[WhiteElo "2651"]
[BlackElo "2683"]
[PlyCount "69"]
[EventDate "2012.??.??"]

1. d4 Nf6 2. c4 e6 3. g3 Bb4+ 4. Bd2 Be7 5. Bg2 d5 6. Nf3 O-O 7. O-O c6 8. Qc2
b6 9. Bf4 Nbd7 10. Rd1 Bb7 11. Ne5 Nh5 12. Bd2 Nhf6 13. cxd5 cxd5 14. Nc6 Bxc6
15. Qxc6 Rc8 16. Qb5 Nb8 17. e3 Ne8 18. Be1 Nd6 19. Qe2 Nc6 20. Nc3 Bf6 21.
Rac1 Qd7 22. Nb5 Nf5 23. Bf1 g6 24. Nc3 Bg7 25. Qc2 Qb7 26. Qa4 Nb8 27. Ne2
Rfd8 28. Rxc8 Rxc8 29. Rc1 Rxc1 30. Nxc1 Nd6 31. Nd3 Nc6 32. Nb4 Nxb4 33. Bxb4
Bf8 34. Qc2 Qc8 35. Qxc8 1/2-1/2

[Event "BL 1213 Wiesbadener SV - Turm Emsdetten"]
[Site "?"]
[Date "2012.10.20"]
[Round "1.2"]
[White "Khenkin, Igor"]
[Black "Swiercz, Dariusz"]
[Result "1/2-1/2"]
[WhiteElo "2655"]
[BlackElo "2609"]
[PlyCount "43"]
[EventDate "2012.??.??"]

1. Nf3 d5 2. d4 Nf6 3. c4 e6 4. e3 b6 5. cxd5 exd5 6. Nc3 Bd6 7. Bd3 O-O 8. O-O
Bb7 9. b3 a6 10. Bb2 Nbd7 11. Bf5 Re8 12. Rc1 Qe7 13. Qc2 Nf8 14. Rfd1 g6 15.
Bh3 Ne6 16. g3 Rad8 17. Bg2 Qf8 18. Ne2 Ne4 19. Ne5 Qe7 20. Nc6 Bxc6 21. Qxc6
N6g5 22. Nc3 1/2-1/2

[Event "BL 1213 Wiesbadener SV - Turm Emsdetten"]
[Site "?"]
[Date "2012.10.20"]
[Round "1.3"]
[White "Ipatov, Alexander"]
[Black "Kurnosov, Igor"]
[Result "1/2-1/2"]
[WhiteElo "2591"]
[BlackElo "2660"]
[PlyCount "72"]
[EventDate "2012.??.??"]

1. d4 Nf6 2. Nf3 g6 3. g3 c5 4. c4 Bg7 5. Bg2 O-O 6. O-O cxd4 7. Nxd4 d5 8.
cxd5 Nxd5 9. Nb5 Be6 10. N1c3 Nxc3 11. bxc3 Nc6 12. Bf4 Qa5 13. Nd4 Rad8 14.
Bd2 Nxd4 15. cxd4 Qa6 16. e3 Bc4 17. Re1 e5 18. Bc3 exd4 19. Bxd4 b5 20. Qd2
Rd7 21. a4 bxa4 22. Qb4 Bxd4 23. exd4 Bb5 24. Re5 Bd3 25. Rxa4 Qb6 26. Qxb6
axb6 27. Bc6 Rd6 28. d5 b5 29. Ra7 Bc4 30. Rb7 Rfd8 31. Ree7 Rf6 32. Rbd7 Rxd7
33. Rxd7 b4 34. Rb7 Rd6 35. Rxb4 Bxd5 36. Bxd5 Rxd5 1/2-1/2

[Event "BL 1213 Wiesbadener SV - Turm Emsdetten"]
[Site "?"]
[Date "2012.10.20"]
[Round "1.4"]
[White "Mista, Aleksander"]
[Black "Pruijssers, Roeland"]
[Result "1-0"]
[WhiteElo "2543"]
[BlackElo "2519"]
[PlyCount "65"]
[EventDate "2012.??.??"]

1. e4 e5 2. Nf3 Nc6 3. Bb5 f5 4. Nc3 fxe4 5. Nxe4 Nf6 6. Nxf6+ Qxf6 7. Qe2 Be7
8. Bxc6 bxc6 9. d4 Qg6 10. Bd2 d6 11. dxe5 O-O 12. O-O-O Qxg2 13. exd6 Bxd6 14.
Ng5 Qd5 15. Kb1 Bf5 16. Rhe1 Qb5 17. Qe3 Rab8 18. Bc3 Qa4 19. Rxd6 Bxc2+ 20.
Kc1 Bf5 21. Rd2 Qxa2 22. Ne4 Qa1+ 23. Kc2 Qa4+ 24. Kb1 Be6 25. Rd4 Qa2+ 26. Kc1
Bd5 27. f3 Rf7 28. Ng5 Rf5 29. Rf4 Qa1+ 30. Kc2 Bb3+ 31. Kd2 Rd8+ 32. Rd4 Rxd4+
33. Qxd4 1-0

[Event "BL 1213 Wiesbadener SV - Turm Emsdetten"]
[Site "?"]
[Date "2012.10.20"]
[Round "1.5"]
[White "Hector, Jonny"]
[Black "Tazbir, Marcin"]
[Result "0-1"]
[WhiteElo "2539"]
[BlackElo "2555"]
[PlyCount "148"]
[EventDate "2012.??.??"]

1. e4 c5 2. Nf3 d6 3. d4 cxd4 4. Nxd4 Nf6 5. Nc3 a6 6. Bg5 Nbd7 7. f4 Qc7 8.
Qf3 g6 9. O-O-O Bg7 10. Be2 O-O 11. Rhe1 b5 12. Bxf6 Nxf6 13. e5 Bb7 14. exf6
Bxf3 15. fxg7 Bxg2 16. gxf8=Q+ Kxf8 17. Bf3 Bxf3 18. Nxf3 Rc8 19. Rd2 e6 20.
Re3 Qc4 21. Ne2 b4 22. b3 Qc5 23. Red3 Qh5 24. Ng5 Qxh2 25. Rxd6 Qh1+ 26. Rd1
Qg2 27. R6d2 h6 28. Rg1 Qc6 29. Nh3 Qc5 30. Rg3 a5 31. Kb1 a4 32. bxa4 Qa5 33.
Rb3 Qxa4 34. Nf2 Qa8 35. Rxb4 Qa5 36. c3 e5 37. Kb2 Rd8 38. Rc2 exf4 39. Nxf4
Qf5 40. Ng2 Qf3 41. Ng4 Kg7 42. Ne5 Qf6 43. Nc4 h5 44. Nd2 Qe5 45. Nf3 Qg3 46.
Nd4 Rb8 47. Nb5 g5 48. a4 h4 49. Re4 h3 50. Ne3 Qf3 51. Re5 Qf4 52. Nf5+ Kh7
53. Rd5 h2 54. Rd1 Qxf5 55. Rxh2+ Kg7 56. Rd4 Qf3 57. Kc2 Re8 58. Rdd2 Re3 59.
Kb3 g4 60. Rhf2 Qc6 61. Rc2 g3 62. Rfd2 Re5 63. c4 Rg5 64. Rg2 Rg4 65. Kb2 f5
66. Rcd2 Qxc4 67. Rd7+ Kg6 68. Nc3 Qf1 69. Re2 g2 70. Re6+ Kg5 71. Rg7+ Kf4 72.
Nd5+ Kg3 73. Re3+ Kf2 74. Rf7 Rg5 0-1

[Event "BL 1213 Wiesbadener SV - Turm Emsdetten"]
[Site "?"]
[Date "2012.10.20"]
[Round "1.6"]
[White "Bulski, Krzysztof"]
[Black "Janssen, Ruud"]
[Result "1-0"]
[WhiteElo "2547"]
[BlackElo "2483"]
[PlyCount "59"]
[EventDate "2012.??.??"]

1. d4 Nf6 2. c4 e6 3. g3 Bb4+ 4. Nd2 Nc6 5. Ngf3 d5 6. Bg2 dxc4 7. O-O c3 8.
Nc4 cxb2 9. Bxb2 O-O 10. Qc2 a5 11. Rad1 Ra6 12. Ng5 g6 13. e4 Nd7 14. h4 Be7
15. d5 exd5 16. exd5 Nb4 17. Qd2 b5 18. Ne3 Nc5 19. Qe2 Nxa2 20. d6 Bxd6 21.
Nd5 f6 22. Nxf6+ Rxf6 23. Bd5+ Kg7 24. Bxa2 b4 25. Rfe1 b3 26. Bxb3 Nxb3 27.
Ne4 Qf8 28. Nxf6 Qf7 29. Ng4+ Kg8 30. Nh6+ 1-0

[Event "BL 1213 Wiesbadener SV - Turm Emsdetten"]
[Site "?"]
[Date "2012.10.20"]
[Round "1.8"]
[White "Carlstedt, Jonathan"]
[Black "Kuipers, Stefan"]
[Result "1/2-1/2"]
[WhiteElo "2383"]
[BlackElo "2434"]
[PlyCount "31"]
[EventDate "2012.??.??"]

1. c4 c6 2. g3 d5 3. Nf3 Bg4 4. Ne5 Bf5 5. Qb3 Nd7 6. Nxd7 Qxd7 7. Bg2 dxc4 8.
Qxc4 Bh3 9. Bf3 g6 10. Nc3 Nf6 11. d3 Bg7 12. Bf4 Bg4 13. Bg2 Bh3 14. Bf3 Bg4
15. Bg2 Bh3 16. Bf3 1/2-1/2

[Event "BL 1213 SC Eppingen - SF Katernberg"]
[Site "?"]
[Date "2012.10.21"]
[Round "2.1"]
[White "Kryvoruchko, Yuriy"]
[Black "Bologan, Victor"]
[Result "1/2-1/2"]
[WhiteElo "2679"]
[BlackElo "2695"]
[PlyCount "69"]
[EventDate "2012.??.??"]

1. e4 g6 2. d4 Bg7 3. Nc3 c6 4. Be3 d5 5. Nf3 dxe4 6. Nxe4 Nd7 7. Bc4 Nh6 8.
Qe2 Nb6 9. Bb3 Nf5 10. O-O-O a5 11. a3 a4 12. Ba2 Nd5 13. Bd2 b5 14. g4 Nd6 15.
Ne5 Bxe5 16. dxe5 Nxe4 17. Qxe4 Be6 18. h3 Qb6 19. Rhf1 h5 20. Kb1 hxg4 21.
hxg4 O-O-O 22. Be3 Qb7 23. Bc5 Rh4 24. f3 Rdh8 25. Qd4 Rh2 26. Rd2 R2h3 27. c4
Rh1 28. Rfd1 bxc4 29. Bxc4 R8h3 30. Qd3 Kd7 31. Rxh1 Rxh1+ 32. Rd1 Rh2 33. Rd2
Rh1+ 34. Rd1 Rh2 35. Rd2 1/2-1/2

[Event "BL 1213 SC Eppingen - SF Katernberg"]
[Site "?"]
[Date "2012.10.21"]
[Round "2.3"]
[White "Romanov, Evgeny"]
[Black "Berkes, Ferenc"]
[Result "1-0"]
[WhiteElo "2611"]
[BlackElo "2679"]
[PlyCount "95"]
[EventDate "2012.??.??"]

1. c4 e6 2. g3 d5 3. Bg2 dxc4 4. Qa4+ c6 5. Qxc4 b5 6. Qc2 Bb7 7. Nc3 a6 8. a4
Nd7 9. Nf3 Ngf6 10. O-O Be7 11. d4 O-O 12. Rd1 Qc8 13. Ne5 Nxe5 14. dxe5 Nd7
15. Bf4 Nc5 16. h4 h6 17. g4 Qc7 18. g5 h5 19. Bg3 g6 20. Rd6 Rfd8 21. Rad1 Kg7
22. b3 Rac8 23. Qb2 Qb6 24. a5 Qc7 25. b4 Na4 26. Nxa4 bxa4 27. Qc3 c5 28. bxc5
Bxg2 29. Kxg2 Qb7+ 30. f3 Qb3 31. R1d3 Qxc3 32. Rxc3 a3 33. Bf2 a2 34. Ra3 Bxd6
35. exd6 Kf8 36. Rxa2 Ke8 37. Rb2 Kd7 38. Rb7+ Kc6 39. Rxf7 Rd7 40. Rf6 Kb5 41.
Rxg6 Kxa5 42. Rxe6 Kb5 43. f4 a5 44. f5 a4 45. Re7 Kc6 46. f6 a3 47. f7 a2 48.
Bd4 1-0

[Event "BL 1213 SC Eppingen - SF Katernberg"]
[Site "?"]
[Date "2012.10.21"]
[Round "2.4"]
[White "Postny, Evgeny"]
[Black "Firman, Nazar"]
[Result "1/2-1/2"]
[WhiteElo "2647"]
[BlackElo "2531"]
[PlyCount "73"]
[EventDate "2012.??.??"]

1. d4 f5 2. g3 g6 3. Bg2 Bg7 4. Nf3 Nf6 5. c4 O-O 6. b4 c6 7. O-O Ne4 8. Bb2 a5
9. b5 a4 10. Na3 d5 11. cxd5 cxd5 12. Ne5 Be6 13. Rc1 Nd7 14. Qc2 Qb8 15. Nxd7
Bxd7 16. Qc7 Rd8 17. Qxb8 Raxb8 18. Rfd1 Rbc8 19. e3 e6 20. Bf1 Bf8 21. Nb1 Bb4
22. Bd3 Be8 23. f3 Nd6 24. Ba3 Ba5 25. Bxd6 Rxc1 26. Rxc1 Rxd6 27. Rc8 Kf7 28.
Ra8 b6 29. Rc8 Rd7 30. a3 Ra7 31. Kf2 Bd7 32. Rc2 g5 33. Ke2 h5 34. h4 g4 35.
f4 Ra8 36. Nd2 Ke7 37. Kd1 1/2-1/2

[Event "BL 1213 SC Eppingen - SF Katernberg"]
[Site "?"]
[Date "2012.10.21"]
[Round "2.5"]
[White "Chuchelov, Vladimir"]
[Black "Acs, Peter"]
[Result "1-0"]
[WhiteElo "2543"]
[BlackElo "2586"]
[PlyCount "111"]
[EventDate "2012.??.??"]

1. Nf3 d5 2. d4 Nf6 3. c4 c6 4. e3 Bg4 5. h3 Bxf3 6. Qxf3 e6 7. Nc3 Nbd7 8. Bd3
Bb4 9. Bd2 O-O 10. a3 Ba5 11. O-O e5 12. cxd5 cxd5 13. dxe5 Nxe5 14. Qf5 Re8
15. Bb5 Nc6 16. Rfd1 a6 17. Bf1 d4 18. Be1 Qd6 19. g3 Bb6 20. Bg2 Rad8 21. Ne2
Qb8 22. Nxd4 Bxd4 23. Bxc6 bxc6 24. exd4 Qxb2 25. Qc5 Re6 26. Rab1 Qe2 27. Qf5
Rde8 28. Bb4 g6 29. Qd3 Qh5 30. Kg2 Qd5+ 31. Qf3 Ne4 32. Qb3 Qf5 33. Rb2 Ng5
34. h4 Qh3+ 35. Kg1 Ne4 36. Qf3 g5 37. d5 Rf6 38. Qg2 Qg4 39. Rd3 gxh4 40. f3
h3 41. fxg4 hxg2 42. d6 Nxd6 43. Bxd6 Rg6 44. Rd4 Rg5 45. Kxg2 Kg7 46. Bf4 Ra5
47. a4 h5 48. g5 Re6 49. Kf3 f6 50. Rb7+ Kg6 51. gxf6 Kxf6 52. Rdd7 Rxa4 53.
Rf7+ Kg6 54. Rg7+ Kf5 55. Rg5+ Kf6 56. Rxh5 1-0

[Event "BL 1213 SC Eppingen - SF Katernberg"]
[Site "?"]
[Date "2012.10.21"]
[Round "2.6"]
[White "Ruck, Robert"]
[Black "Bischoff, Klaus"]
[Result "1-0"]
[WhiteElo "2567"]
[BlackElo "2519"]
[PlyCount "77"]
[EventDate "2012.??.??"]

1. Nf3 Nf6 2. c4 c6 3. d4 d6 4. Nc3 Nbd7 5. g3 e5 6. Bg2 Be7 7. O-O O-O 8. Qc2
Qc7 9. Be3 Re8 10. Rad1 Bf8 11. h3 exd4 12. Bxd4 h6 13. Nd2 a6 14. Rfe1 b6 15.
Nf1 Bb7 16. Ne3 Rac8 17. a4 a5 18. Rd2 Re6 19. Red1 Rce8 20. g4 Nc5 21. Nf5
Nfd7 22. e3 g6 23. Ng3 R6e7 24. Nce2 Ne6 25. Bc3 b5 26. Ne4 b4 27. Bf6 d5 28.
Bxe7 Bxe7 29. cxd5 cxd5 30. Qxc7 Nxc7 31. N4g3 Nc5 32. Nd4 N7e6 33. Nge2 Ng5
34. b3 Nge4 35. Rc2 Bh4 36. Nf4 Nc3 37. Rdc1 N5e4 38. Bxe4 Nxe4 39. Nd3 1-0

[Event "BL 1213 SC Eppingen - SF Katernberg"]
[Site "?"]
[Date "2012.10.21"]
[Round "2.8"]
[White "Guliyev, Namig"]
[Black "Thesing, Matthias"]
[Result "1-0"]
[WhiteElo "2546"]
[BlackElo "2399"]
[PlyCount "55"]
[EventDate "2012.??.??"]

1. e4 c5 2. Nf3 e6 3. d4 cxd4 4. Nxd4 a6 5. Bd3 Nf6 6. O-O Qc7 7. Qe2 d6 8. c4
g6 9. Nc3 Bg7 10. Nf3 O-O 11. Rd1 Nc6 12. h3 b6 13. Bf4 Bb7 14. Rac1 Nd7 15.
Qe3 Rfe8 16. Be2 Bf8 17. Nb5 axb5 18. cxb5 Nc5 19. bxc6 Qxc6 20. b4 Qxe4 21.
bxc5 Qxe3 22. fxe3 dxc5 23. Bb5 Red8 24. Rxd8 Rxd8 25. Bc7 Rc8 26. Be5 Bd5 27.
a4 c4 28. Nd2 1-0

[Event "BL 1213 SV Hockenheim - SV Mülheim Nord"]
[Site "?"]
[Date "2012.10.21"]
[Round "2.1"]
[White "Navara, David"]
[Black "Buhmann, Rainer"]
[Result "1/2-1/2"]
[WhiteElo "2722"]
[BlackElo "2584"]
[PlyCount "79"]
[EventDate "2012.??.??"]

1. e4 e5 2. Nf3 Nc6 3. Bb5 Nf6 4. d3 Bc5 5. c3 O-O 6. O-O d6 7. Nbd2 Bb6 8. Nc4
Ne7 9. Ba4 Ng6 10. h3 h6 11. Bc2 Re8 12. Re1 c6 13. Nxb6 axb6 14. d4 b5 15. b3
Bd7 16. Bb2 Qc7 17. Nh2 c5 18. Nf1 Bc6 19. Ng3 c4 20. Nf5 d5 21. exd5 Bxd5 22.
dxe5 Rxe5 23. Rxe5 Qxe5 24. Ne3 Bc6 25. bxc4 bxc4 26. Bxg6 fxg6 27. Nxc4 Qe6
28. Ne3 Rxa2 29. Rxa2 Qxa2 30. Qc1 Nd5 31. Ng4 Qc4 32. Qd2 g5 33. Ne5 Qe4 34.
c4 Nf4 35. f3 Qb1+ 36. Kh2 Qf1 37. Ng6 Qd3 38. Qxd3 Nxd3 39. Bd4 Kf7 40. Ne5+
1/2-1/2

[Event "BL 1213 SV Hockenheim - SV Mülheim Nord"]
[Site "?"]
[Date "2012.10.21"]
[Round "2.2"]
[White "Lenic, Luka"]
[Black "Grachev, Boris"]
[Result "1/2-1/2"]
[WhiteElo "2633"]
[BlackElo "2672"]
[PlyCount "56"]
[EventDate "2012.??.??"]

1. d4 d5 2. c4 e6 3. Nc3 Be7 4. Bf4 Nf6 5. e3 O-O 6. Nf3 Nbd7 7. c5 Ne4 8. Nxe4
dxe4 9. Ne5 Nxe5 10. Bxe5 b6 11. b4 f6 12. Bg3 a5 13. a3 axb4 14. axb4 Rxa1 15.
Qxa1 Qd5 16. Be2 bxc5 17. bxc5 e5 18. O-O Be6 19. dxe5 f5 20. Rc1 Ra8 21. Qb1
Qd2 22. Bc4 Bxc4 23. Rxc4 Qd3 24. Rc1 Qxb1 25. Rxb1 Bxc5 26. h4 Kf7 27. e6+
Kxe6 28. Bxc7 Ra6 1/2-1/2

[Event "BL 1213 SV Hockenheim - SV Mülheim Nord"]
[Site "?"]
[Date "2012.10.21"]
[Round "2.4"]
[White "Saric, Ivan"]
[Black "Fridman, Daniel"]
[Result "0-1"]
[WhiteElo "2625"]
[BlackElo "2670"]
[PlyCount "96"]
[EventDate "2012.??.??"]

1. e4 e5 2. Nf3 Nf6 3. Nxe5 d6 4. Nf3 Nxe4 5. Nc3 Nxc3 6. dxc3 Be7 7. Be3 Nc6
8. Qd2 Be6 9. O-O-O Qd7 10. Kb1 Bf6 11. h4 O-O-O 12. Ng5 Bf5 13. Bb5 h6 14.
Bxc6 bxc6 15. Qe2 Kb7 16. Nf3 Rhe8 17. Qc4 Re4 18. Qb3+ Ka8 19. Nd2 Rg4 20. Nc4
Rb8 21. Qa3 c5 22. Bxc5 Rb7 23. Bd4 c5 24. Bxf6 Rxc4 25. Qa6 Ra4 26. Qxd6 Qxd6
27. Rxd6 gxf6 28. f3 Rd7 29. Rxd7 Bxd7 30. b3 Rf4 31. Kc1 Kb7 32. Kd2 Kc7 33.
c4 Rd4+ 34. Kc3 f5 35. g3 Bc6 36. Rf1 f4 37. g4 Rd8 38. g5 hxg5 39. hxg5 Rg8
40. Re1 Kd6 41. Rd1+ Ke6 42. Re1+ Kd6 43. Rd1+ Ke5 44. Re1+ Kf5 45. Re7 Bxf3
46. Rxf7+ Kxg5 47. b4 cxb4+ 48. Kxb4 Bh5 0-1

[Event "BL 1213 SV Hockenheim - SV Mülheim Nord"]
[Site "?"]
[Date "2012.10.21"]
[Round "2.6"]
[White "Neubauer, Martin"]
[Black "Landa, Konstantin"]
[Result "1/2-1/2"]
[WhiteElo "2440"]
[BlackElo "2641"]
[PlyCount "119"]
[EventDate "2012.??.??"]

1. d4 d5 2. c4 e6 3. Nf3 a6 4. cxd5 exd5 5. Nc3 c6 6. Bf4 Bd6 7. Bxd6 Qxd6 8.
e3 Bf5 9. Bd3 Bxd3 10. Qxd3 Nf6 11. O-O O-O 12. Ne5 c5 13. f4 Nc6 14. Rf3 cxd4
15. exd4 Ne4 16. Nxe4 dxe4 17. Qxe4 Qxd4+ 18. Qxd4 Nxd4 19. Rf2 Rac8 20. Nf3
Nf5 21. Rd2 h5 22. Re1 Rfd8 23. Rxd8+ Rxd8 24. Kf2 Rc8 25. g3 f6 26. Rd1 Rc2+
27. Rd2 Rxd2+ 28. Nxd2 Kf7 29. Kf3 Ke6 30. Ke4 Nd6+ 31. Kd4 Kf5 32. Kd5 Nc8 33.
h3 Nb6+ 34. Kd4 h4 35. Nf1 hxg3 36. Nxg3+ Kxf4 37. Nh5+ Kg5 38. Nxg7 Kh4 39.
Ne8 Nd7 40. Kd5 Kxh3 41. Kd6 Ne5 42. Nxf6 Nc4+ 43. Kc7 Nxb2 44. Kxb7 Kg3 45.
Kxa6 Kf4 46. Kb5 Kf5 47. Nd5 Ke5 48. Nb6 Kd6 49. Nc8+ Kc7 50. Ne7 Kb7 51. Nd5
Ka7 52. Nf4 Nd1 53. Kb4 Nf2 54. a4 Ne4 55. Ne6 Nd6 56. Nc5 Nb7 57. Nd7 Ka6 58.
Ne5 Kb6 59. Nd3 Ka6 60. Nc5+ 1/2-1/2